000 00854nam0a22002771 4500
001 v19\rc\1549060
005 20260407113216.0
035 _a(NLR Aleph) 004664938
090 _a3600533
_c3600533
100 _a20060620d1889 |||y0rusy50 ca
101 0 _arus
102 _aRU
105 _ay z |||||
200 1 _aИнструкция для устройства защитных лесов
210 _aСанкт-Петербург
_d1889
215 _a53 с.
_d24
309 _aБез тит. л.
710 0 1 _aРоссия
_bМинистерство государственных имуществ
_3RU\NLR\AUTH\889942724
_9380460
801 0 _aRU
_bNLR
_gpsbo
801 0 _aRU
_bRuMoRGB
_2psbo
801 1 _aRU
_bProSoft-M
_2rusmarc
852 _aNLR
_j18.316.2.136
899 _aRuMoRGB
_jU 318/261
899 _aБАН
942 _cBOOK
980 _aNB